00728nam a2200217 a 450000100100000000500170001000800410002702000150006804000250008308200230010810000310013124500690016225000110023126000350024230000210027749000460029850000700034465000240041465000260043883000460046400004445920201002045405.0140702s1976 sp 000 p spa d z8423913945 aDO-SdBNPbspacBNPHU a861.6bD559s, 19761 aDiego, Gerardo,d1896-198710aSegunda antología de sus versos :b1941-1967 /cGerardo Diego. a2a ed. aMadrid :bEspasa-Calpe,c1976. a276 P. ;c18 cm.1 aAustral. Violeta: teatro y poesíav1394 aIncluye datos biográficos del autor en la solapa de la cubierta 4aPoesía española 4aLiteratura española 0aAustral. Violeta: teatro y poesíav1394